Fórum manažéra

Spolupráca medzi vzdelávacími, vedeckými inštitúciami a hospodárskou praxou doma i v zahraničí a získanie obojstranne prospešných výstupov a kontaktov. Informácie a získané skúsenosti v oblasti riadenia podniku a ako využiť príležitosti pre efektívne fungovanie svojho podniku. Výsledky vedecko-výsku...

Descripción completa

Guardado en:
Detalles Bibliográficos
Autor Corporativo: Materiálovotechnická fakulta STU. Katedra priemyselného inžinierstva a manažmentu
Formato: Seriadas
Lenguaje:eslovaco
checo
inglés
alemán
Publicado: Trnava VIVAEDUCA
Materias:
Etiquetas: Agregar Etiqueta
Sin Etiquetas, Sea el primero en etiquetar este registro!

MARC

LEADER 00000nls a2200000 4500
001 0256785
005 20260204144354.3
022 |a 1339-9403 
022 |a 1336-7773 
041 0 |a slo 
041 0 |a cze 
041 0 |a eng 
041 0 |a ger 
044 |a SK 
245 1 0 |a Fórum manažéra 
264 1 |a Trnava  |b VIVAEDUCA 
500 |a Do roku 2014 printová verzia 
520 |a Spolupráca medzi vzdelávacími, vedeckými inštitúciami a hospodárskou praxou doma i v zahraničí a získanie obojstranne prospešných výstupov a kontaktov. Informácie a získané skúsenosti v oblasti riadenia podniku a ako využiť príležitosti pre efektívne fungovanie svojho podniku. Výsledky vedecko-výskumnej činnosti a výstupy praktickej aplikácie teoretických poznatkov pedagogických, výskumných a odborných zamestnancov univerzít a ostatnej odbornej verejnosti. 
610 2 0 |a manažéri 
610 2 0 |a technika riadenia 
610 2 0 |a nástroje riadenia 
610 2 0 |a riadenie podnikové 
610 2 0 |a teória a prax 
710 2 |a Materiálovotechnická fakulta STU. Katedra priemyselného inžinierstva a manažmentu